The letters to the Galatians and Ephesians. (Record no. 21614)

MARC details
000 -LEADER
fixed length control field 01284cam a22003851 4500
001 - CONTROL NUMBER
control field 6545614
003 - CONTROL NUMBER IDENTIFIER
control field OSt
005 - DATE AND TIME OF LATEST TRANSACTION
control field 20260415103118.0
008 - FIXED-LENGTH DATA ELEMENTS--GENERAL INFORMATION
fixed length control field 730625s1959 pau 000 0 eng
010 ## - LIBRARY OF CONGRESS CONTROL NUMBER
LC control number 59010145
035 ## - SYSTEM CONTROL NUMBER
System control number 6545614
035 ## - SYSTEM CONTROL NUMBER
System control number (OCoLC)646099
040 ## - CATALOGING SOURCE
Original cataloging agency DLC
Transcribing agency ONcM
Modifying agency OCoLC
-- DLC
041 1# - LANGUAGE CODE
Language code of text/sound track or separate title eng
-- und
050 00 - LIBRARY OF CONGRESS CALL NUMBER
Classification number BS2683
Item number .B3 1958
082 ## - DEWEY DECIMAL CLASSIFICATION NUMBER
Classification number 227.407
130 0# - MAIN ENTRY--UNIFORM TITLE
Uniform title Bible.
Name of part/section of a work Galatians.
Language of a work English.
Version Barclay.
Date of a work 1959.
245 14 - TITLE STATEMENT
Title The letters to the Galatians and Ephesians.
Statement of responsibility, etc. Translated with introductions and interpretations by William Barclay.
260 ## - PUBLICATION, DISTRIBUTION, ETC. (IMPRINT)
Place of publication, distribution, etc. Philadelphia,
Name of publisher, distributor, etc. Westminster Press
Date of publication, distribution, etc. [1958]
300 ## - PHYSICAL DESCRIPTION
Extent xviii, 219 p.
Dimensions 18 cm.
336 ## - CONTENT TYPE
Content type term text
Content type code txt
Source rdacontent
337 ## - MEDIA TYPE
Media type term unmediated
Media type code n
Source rdamedia
338 ## - CARRIER TYPE
Carrier type term volume
Carrier type code nc
Source rdacarrier
490 1# - SERIES STATEMENT
Series statement The Daily study Bible
630 00 - SUBJECT ADDED ENTRY--UNIFORM TITLE
Uniform title Bible.
Name of part/section of a work Galatians
General subdivision Commentaries.
630 00 - SUBJECT ADDED ENTRY--UNIFORM TITLE
Uniform title Bible.
Name of part/section of a work Ephesians
General subdivision Commentaries.
700 1# - ADDED ENTRY--PERSONAL NAME
Personal name Barclay, William,
Dates associated with a name 1907-1978,
Relator term editor,
-- translator.
730 0# - ADDED ENTRY--UNIFORM TITLE
Uniform title Bible.
Name of part/section of a work Ephesians.
Language of a work English.
Version Barclay.
Date of a work 1959.
830 #0 - SERIES ADDED ENTRY--UNIFORM TITLE
Uniform title Daily study Bible series
906 ## - LOCAL DATA ELEMENT F, LDF (RLIN)
a 7
b cbc
c oclcrpl
d u
e ncip
f 19
g y-gencatlg
942 ## - ADDED ENTRY ELEMENTS (KOHA)
Source of classification or shelving scheme Library of Congress Classification
Koha item type General Collection
Holdings
Withdrawn status Lost status Source of classification or shelving scheme Not for loan Home library Current library Shelving location Date acquired Source of acquisition Inventory number Total Checkouts Full call number Barcode Date last seen Copy number Price effective from Koha item type
    Library of Congress Classification   Kabarak, Main Campus Kabarak, Main Campus General Stacks 15/04/2026 Donation 2025/2681   BS2683 .B3 1958 C.1 39893 15/04/2026 C.1 15/04/2026 General Collection
Designed with assistance from East African Informatics Ltd